[Event "ch-RUS Girls u20"]
[Site "St Petersburg RUS"]
[Date "2008.03.10"]
[Round "3"]
[White "Severiukhina,Z"]
[Black "Shlakich,A"]
[Result "1/2-1/2"]
[WhiteElo "2199"]
[BlackElo "2244"]

1.e4 c5 2.Nf3 e6 3.d4 cxd4 4.Nxd4 Nc6 5.Nc3 Qc7 6.g3 a6 7.Bg2 d6 8.O-O Bd7
9.Re1 b5 10.a4 b4 11.Nd5 Qb7 12.Nxc6 Bxc6 13.a5 Nf6 14.Bg5 Nd7 15.Qd4 e5
16.Qd2 Bxd5 17.exd5 h6 18.Be3 Be7 19.Bh3 Rb8 20.Rad1 Bd8 21.f4 Bxa5 22.Bxd7+ Qxd7
23.Ra1 Qb5 24.fxe5 dxe5 25.Rxa5 Qxa5 26.Ba7 Rb7 27.Rxe5+ Re7 28.Qd4 f6 29.Rxe7+ Kxe7
30.Qe3+ Kf7 31.Qe6+ Kg6 32.Qg4+ Kf7 33.Qd7+ Kg6 34.Qg4+ Kf7 35.Qe6+ Kg6  1/2-1/2

[Event "ch-RUS Girls u20"]
[Site "St Petersburg RUS"]
[Date "2008.03.10"]
[Round "3"]
[White "Charochkina,D"]
[Black "Savina,A"]
[Result "1-0"]
[WhiteElo "2383"]
[BlackElo "2202"]

1.e4 c5 2.Nc3 Nc6 3.Nge2 e6 4.d4 cxd4 5.Nxd4 Nf6 6.Nxc6 bxc6 7.e5 Nd5 8.Ne4 Qc7
9.f4 Qb6 10.c4 Ne3 11.Qd3 Bb4+ 12.Bd2 O-O 13.Rc1 Nxf1 14.Rxf1 c5 15.Ke2 Bxd2
16.Qxd2 Bb7 17.Nd6 Qc6 18.Rf2 f6 19.Qe3 Rab8 20.Kf1 a5 21.Kg1 a4 22.Rd1 Ba6
23.f5 fxe5 24.Qxe5 Rb6 25.fxe6 Rxf2 26.Kxf2 Bb7 27.Rd5  1-0

[Event "ch-RUS Boys u20"]
[Site "St Petersburg RUS"]
[Date "2008.03.10"]
[Round "3"]
[White "Sjugirov,S"]
[Black "Papin,V"]
[Result "1/2-1/2"]
[WhiteElo "2491"]
[BlackElo "2475"]

1.e4 c5 2.Nf3 e6 3.d4 cxd4 4.Nxd4 Nc6 5.Nc3 Qc7 6.g3 a6 7.Bg2 d6 8.O-O Bd7
9.Nxc6 Bxc6 10.a4 Nf6 11.a5 Be7 12.Be3 Nd7 13.Na4 O-O 14.Nb6 Rae8 15.Re1 f5
16.Nxd7 Qxd7 17.Bb6 Bd8 18.Bxd8 Qxd8 19.Qd2 fxe4 20.Bxe4 d5 21.Bg2 e5 22.c3 h6
23.Rad1 e4 24.c4 dxc4 25.Qc3 Qf6 26.Qxc4+ Kh8 27.Qd4 Re5 28.b4 Qe7 29.Qd6 Qe8
30.Qd4 Qe7 31.Rd2 Rb5 32.Rb2 Rd8 33.Qc3 Rbd5 34.Bf1 Qf6 35.Rc2 Rd1 36.Qxf6 gxf6
37.Rc1 Rxe1 38.Rxe1 Rd2 39.Rb1 Kg7 40.b5 axb5 41.Bxb5 Bd5 42.a6 bxa6 43.Bxa6 e3
44.fxe3 Rg2+ 45.Kf1 Rxh2 46.Bd3 Rh1+ 47.Kf2 Rxb1 48.Bxb1  1/2-1/2

[Event "FSGM March"]
[Site "Budapest HUN"]
[Date "2008.03.11"]
[Round "10"]
[White "Garbisu de Goni,U"]
[Black "Bui Vinh"]
[Result "1-0"]
[WhiteElo "2464"]
[BlackElo "2482"]

1.e4 c5 2.Nf3 e6 3.d4 cxd4 4.Nxd4 Nc6 5.Nc3 Qc7 6.Be3 a6 7.Be2 Nf6 8.O-O Bb4
9.Nxc6 bxc6 10.Qd4 c5 11.Qc4 Bb7 12.a3 Bxc3 13.Qxc3 Rc8 14.Bg5 Qd8 15.Bf3 h6
16.Bh4 g5 17.Bg3 Rg8 18.Be5 Nxe4 19.Qe3 f5 20.Rad1 Bd5 21.Be2 d6 22.c4 dxe5
23.cxd5 exd5 24.Bxa6 Rb8 25.f3 f4 26.Qe2 Nf6 27.Qxe5+ Kf7 28.Bc4 Re8 29.Qf5 Kg7
30.Bxd5 Qc8 31.Qc2 Re3 32.Bc4 Qc7 33.a4 Rd8 34.Rxd8 Qxd8 35.Qd1 Qc7 36.Qd2 Nd7
37.Rd1 Ne5 38.Qd5 Nxc4 39.Qxc4 Qe7 40.Kf2 Kg6 41.h4 Qf6 42.h5+ Kxh5 43.g4+  1-0

[Event "XXIII Open"]
[Site "Reykjavik ISL"]
[Date "2008.03.11"]
[Round "9"]
[White "Ingvason,J"]
[Black "Cross,T"]
[Result "0-1"]
[WhiteElo "2105"]
[BlackElo "2079"]

1.e4 c5 2.Nf3 e6 3.d4 cxd4 4.Nxd4 Nc6 5.Nc3 a6 6.Be3 Qc7 7.Qd2 Nf6 8.f3 Bb4
9.a3 Be7 10.Be2 b5 11.O-O d6 12.Nxc6 Qxc6 13.a4 b4 14.Na2 Qxa4 15.Nxb4 Qd7
16.Nxa6 O-O 17.b4 Bb7 18.c4 Rxa6 19.Rab1 Rfa8 20.Rfd1 Ra2 21.Rb2 Rxb2 22.Qxb2 Qa4
23.c5 dxc5 24.bxc5 Bc6 25.Kf2 h6 26.Qb6 Nd7 27.Qc7 Bxc5 28.Bxc5 Nxc5 29.Rc1 Qd4+
30.Kg3 Nxe4+ 31.Kh3 Ng5+ 32.Kg3 Bd5 33.Rb1 Ra2 34.Rd1 Qe3 35.Rxd5 exd5 36.Qb8+ Kh7
37.Qb1+ Ne4+  0-1

[Event "ch-RUS Girls u20"]
[Site "St Petersburg RUS"]
[Date "2008.03.11"]
[Round "4"]
[White "Shlakich,A"]
[Black "Charochkina,D"]
[Result "0-1"]
[WhiteElo "2244"]
[BlackElo "2383"]

1.e4 c5 2.Nf3 e6 3.d4 cxd4 4.Nxd4 Nc6 5.Nc3 d6 6.g3 Nf6 7.Bg2 Bd7 8.O-O a6
9.Re1 Qc7 10.Nd5 exd5 11.Nxc6 bxc6 12.exd5+ Be7 13.Qe2 O-O 14.dxc6 Bg4 15.f3 Be6
16.f4 Rfe8 17.Qd3 Ng4 18.Be3 d5 19.f5 Bxf5 20.Qxd5 Nxe3 21.Rxe3 Qb6 22.Re1 Bc5
23.c7 Bxe3+ 24.Kh1 Qxc7 25.Qxf5 Rad8  0-1

[Event "TCh-AUT 1st Bundesliga 2007-8"]
[Site "Graz AUT"]
[Date "2008.03.13"]
[Round "8"]
[White "Cvek,R"]
[Black "Ribli,Z"]
[Result "1/2-1/2"]
[WhiteElo "2532"]
[BlackElo "2577"]

1.e4 c5 2.Nf3 e6 3.d4 cxd4 4.Nxd4 Nc6 5.Nc3 a6 6.Nxc6 bxc6 7.Bd3 d5 8.O-O Nf6
9.Re1 Be7 10.e5 Nd7 11.Na4 O-O 12.c4 a5 13.Qc2 h6 14.Qe2 f5 15.exf6 Rxf6
16.b3 Nc5 17.Nxc5 Bxc5 18.Be3 Bxe3 19.Qxe3 Bd7 20.Rac1 Qb8 21.g3 Qa7 22.cxd5 cxd5
23.f4 Qxe3+ 24.Rxe3 Rb8 25.Rc7 Bb5 26.Bxb5 Rxb5 27.a4 Rb6 28.Ra7 Rf7 29.Ra8+ Kh7
30.Rxa5 Rfb7 31.f5 exf5 32.Rxd5 f4 33.gxf4 Rxb3 34.Rxb3 Rxb3 35.a5 Ra3 36.Kf2 Kg6
37.h4 Kf6 38.h5 g5 39.fxg5+ hxg5 40.h6 Kg6 41.Rd6+ Kh7 42.a6 g4 43.Kg2 Rb3  1/2-1/2

[Event "65th ch-GEO w P/O Blitz"]
[Site "Tbilisi GEO"]
[Date "2008.03.13"]
[Round "1"]
[White "Melia,S"]
[Black "Dzagnidze,N"]
[Result "0-1"]
[WhiteElo "2362"]
[BlackElo "2429"]

1.e4 c5 2.Nf3 e6 3.d4 cxd4 4.Nxd4 Nc6 5.Nc3 Qc7 6.Be3 a6 7.Qd2 Nf6 8.O-O-O Bb4
9.f3 b5 10.Bf4 Qa5 11.Nb3 Qd8 12.Bd6 Bxd6 13.Qxd6 Qe7 14.Be2 Qxd6 15.Rxd6 Ke7
16.Rhd1 Rd8 17.a3 Ne8 18.R6d2 d6 19.f4 Bb7 20.Bf3 Rac8 21.Kb1 Nc7 22.Ne2 e5
23.f5 a5 24.Nc3 b4 25.axb4 axb4 26.Na4 Ba6 27.Nb6 Rb8 28.Nd5+ Nxd5 29.exd5 Na7
30.Be2 Bxe2 31.Rxe2 Kf6 32.g4 Rb5 33.h4 h6 34.Nd2 Nc8 35.Ne4+ Ke7 36.g5 hxg5
37.hxg5 Nb6 38.f6+ gxf6 39.gxf6+ Kd7 40.c4 Nxc4 41.Rc1 Na5 42.Rec2 Rxd5 43.Rc7+ Ke6
44.Rf1 Rd4 45.Ng5+ Kd5 46.Nxf7 Ra8 47.Rd7 Nc4 48.Rc1 Nd2+ 49.Kc2 Rc8+ 50.Kd1 Ne4+
51.Ke2 Rxc1 52.Nxd6 Nxf6 53.Rd8 Ke6  0-1

[Event "65th ch-GEO w P/O Rapid"]
[Site "Tbilisi GEO"]
[Date "2008.03.13"]
[Round "1"]
[White "Melia,S"]
[Black "Dzagnidze,N"]
[Result "0-1"]
[WhiteElo "2362"]
[BlackElo "2429"]

1.e4 c5 2.Nf3 e6 3.d4 cxd4 4.Nxd4 Nc6 5.Nc3 Qc7 6.Be3 Nf6 7.Qd2 Bb4 8.f3 d5
9.a3 Bxc3 10.Qxc3 O-O 11.Nb5 Qb8 12.e5 Nd7 13.f4 f6 14.exf6 Nxf6 15.O-O-O a6
16.Nd4 Bd7 17.g3 Ne4 18.Qe1 e5 19.fxe5 Qxe5 20.Bg2 Rae8 21.Nb3 Bg4 22.Rd3 Qh5
23.h3 Bf3 24.g4 Qg6 25.Bxf3 Rxf3 26.Qg1 Ng3 27.Qg2 Rfxe3 28.Qxd5+ Qf7 29.Rhd1 Ne2+
30.Kb1 Nf4 31.Qxf7+ Kxf7 32.Rd7+ R8e7 33.Nc5 Rxd7 34.Rxd7+ Re7 35.Rxe7+ Kxe7
36.Nxb7 Nxh3 37.Nc5 Nf2 38.Nxa6 Nxg4 39.b4 h5 40.b5 Na5 41.Nc5 h4 42.Ne4 h3
43.Ng3 h2 44.Nh1 Nc4 45.a4 Nd2+ 46.Kb2 Ne4 47.a5 Kd7 48.c4 Ngf2 49.a6 Kc8
50.c5 Nxh1 51.c6 Nd6 52.a7 Nc4+ 53.Kc3 Nb6 54.Kb4 Nf2 55.Ka5 Kc7  0-1

[Event "ch-Siberia"]
[Site "Novokuznetsk RUS"]
[Date "2008.03.14"]
[Round "2"]
[White "Buldaev,N"]
[Black "Tsydypov,Z"]
[Result "1-0"]
[WhiteElo "2206"]
[BlackElo "2022"]

1.e4 c5 2.Nf3 e6 3.d4 cxd4 4.Nxd4 Nc6 5.Nc3 d6 6.Be2 Nf6 7.O-O Be7 8.f4 a6
9.Kh1 O-O 10.Be3 Bd7 11.Bf3 Nxd4 12.Qxd4 Bc6 13.Rad1 Rc8 14.e5 Ne8 15.Ne4 Bb5
16.Rf2 d5 17.Nc3 Rc4 18.Qd3 Qc7 19.a3 g6 20.Nxb5 axb5 21.c3 Ng7 22.Qf1 Nf5
23.Re2 Rc8 24.g3 Bxa3 25.bxa3 Rxc3 26.Bg1 Rxa3 27.Rb1 Qc4 28.Reb2 Kg7 29.Rxb5 Qc3
30.Bg2 d4 31.Rxb7 d3 32.Rd7 d2 33.Rd1 Ra2 34.Qf2  1-0

[Event "39th Open"]
[Site "Mar del Plata ARG"]
[Date "2008.03.15"]
[Round "1"]
[White "Alonso,S"]
[Black "Ruiz,F"]
[Result "1-0"]
[WhiteElo "2404"]
[BlackElo "1911"]

1.e4 c5 2.Nf3 Nc6 3.Nc3 e6 4.d4 cxd4 5.Nxd4 Bb4 6.Nxc6 bxc6 7.Qd4 Bxc3+ 8.Qxc3 Nf6
9.e5 Ne4 10.Qd4 f5 11.f3 Ng5 12.Bd2 Nf7 13.Bb4 a5 14.Bc5 Qc7 15.f4 g5 16.g3 g4
17.O-O-O h5 18.h3 Ba6 19.Bxa6 Rxa6 20.hxg4 fxg4 21.Qd3  1-0

[Event "ch-SRB"]
[Site "Mataruska Banja SRB"]
[Date "2008.03.15"]
[Round "1"]
[White "Vuckovic,Bo"]
[Black "Ivanisevic,I"]
[Result "1/2-1/2"]
[WhiteElo "2556"]
[BlackElo "2649"]

1.e4 c5 2.Nf3 e6 3.d4 cxd4 4.Nxd4 Nc6 5.Nc3 Qc7 6.Be3 a6 7.Qd2 Nf6 8.O-O-O Bb4
9.f3 O-O 10.g4 e5 11.Nf5 d5 12.Bh6 Ne8 13.Bxg7 Nxg7 14.Qh6 f6 15.Nxd5 Qf7
16.Bc4 Be6 17.Nxf6+ Qxf6 18.Qxg7+ Qxg7 19.Bxe6+ Kh8 20.Nxg7 Kxg7 21.Rd7+ Ne7
22.Rxb7 Rab8 23.Rxb8 Rxb8 24.Rd1 Rb6 25.Bc4 Rc6 26.Bf1 a5 27.c3 Bc5 28.Kc2 Kf6
29.Bb5 Rb6 30.a4 Kg5 31.Rd7 Rh6 32.Kb3 Ng6 33.Kc4 Bf2 34.b4 axb4 35.cxb4 Rxh2
36.a5 Rh1 37.Ba4 Ra1 38.Kb5 Nf4 39.Rxh7 Ne2 40.Rh2 Nd4+ 41.Kc4 Be1 42.Rh1 Nxf3
43.Bd7 Rd1 44.Bc6 Rd4+ 45.Kc5 Bxb4+ 46.Kb6 Bd2 47.a6 Be3 48.Kc7 Rc4 49.Rb1 Rc3
50.Kb7 Ra3 51.Bd5 Nd2 52.Rb2 Ra1 53.Rxd2 Bxd2  1/2-1/2

[Event "ch-Siberia"]
[Site "Novokuznetsk RUS"]
[Date "2008.03.15"]
[Round "3"]
[White "Badmatsyrenov,O"]
[Black "Dzhumagaliev,Y"]
[Result "0-1"]
[WhiteElo "2343"]
[BlackElo "2232"]

1.e4 c5 2.Nf3 e6 3.d4 cxd4 4.Nxd4 Nc6 5.Nc3 Qc7 6.Be3 a6 7.f4 d6 8.Be2 Nf6
9.g4 b5 10.g5 Nd7 11.Nxc6 Qxc6 12.Qd4 Rb8 13.a3 a5 14.b4 Ba6 15.a4 e5 16.Qd3 exf4
17.axb5 Bxb5 18.Nxb5 Ne5 19.Qd5 fxe3 20.bxa5 Qxd5 21.Nc7+ Kd7 22.Nxd5 Be7
23.a6 Rb2 24.O-O Rhb8 25.Ra3 Bxg5 26.Rb3 R8xb3 27.cxb3 Rxe2 28.a7 Ra2 29.Nb6+ Kc6
30.Na4 Kb7  0-1

[Event "57th ch-BUL w"]
[Site "Plovdiv BUL"]
[Date "2008.03.15"]
[Round "1"]
[White "Nikolova,A"]
[Black "Velcheva,M"]
[Result "1/2-1/2"]
[WhiteElo "2194"]
[BlackElo "2266"]

1.e4 c5 2.Nf3 e6 3.d4 cxd4 4.Nxd4 Nc6 5.Nc3 Nf6 6.Nb3 d5 7.exd5 exd5 8.Bd3 Be7
9.Bg5 O-O 10.O-O Be6 11.Ne2 Ng4 12.Bxe7 Qxe7 13.h3 Nge5 14.f4 Nc4 15.Bxc4 dxc4
16.Nbd4 Bd5 17.Nxc6 Bxc6 18.Nd4 Rad8 19.c3 Qe3+ 20.Kh2 f5 21.Qe1 Rfe8 22.Qh4 Qe7
23.Qxe7 Rxe7 24.Nxc6 bxc6 25.Rf2 Rd3 26.Rc1 Kf7 27.Rcc2 Re4 28.Rce2 Ke6 29.g4 g6
30.Rxe4+ fxe4 31.f5+ gxf5 32.gxf5+ Kf6 33.Rf4 Ke5 34.Rf1 Rd2+ 35.Kg3 Rxb2
36.f6 Rb8 37.f7 Rf8 38.Rf4 e3 39.Kf3 e2 40.Re4+ Kd5 41.Rd4+ Kc5 42.Kxe2 Rxf7
43.Rh4 Kb5 44.Rh5+ c5 45.Rh4 a5 46.a3 Rd7 47.Rg4 Rd3 48.a4+ Kc6 49.Rxc4 Rxh3
50.Kd2 h5 51.Rf4 Kd5 52.Kc2 Rh2+ 53.Kb3 c4+ 54.Ka3 h4 55.Rd4+ Kc5 56.Rxc4+ Kd5
57.Rg4 h3 58.Kb3 Rh1 59.Rg5+ Kc6 60.Rh5 h2 61.Kc4 Ra1 62.Rh6+ Kc7 63.Rxh2 Rxa4+
64.Kb5 Ra1 65.Rh4 a4 66.Rxa4 Rxa4  1/2-1/2

[Event "39th Open"]
[Site "Mar del Plata ARG"]
[Date "2008.03.16"]
[Round "2"]
[White "Perez Ponsa,F"]
[Black "Sanduay,N"]
[Result "1-0"]
[WhiteElo "2235"]
[BlackElo "2017"]

1.e4 c5 2.Nf3 e6 3.d4 cxd4 4.Nxd4 Nc6 5.Nc3 Qc7 6.Be3 Nf6 7.Qd2 a6 8.O-O-O b5
9.Bf4 Qb6 10.Nxc6 dxc6 11.Bd6 Qd8 12.e5 Nd5 13.Bxf8 Kxf8 14.Ne4 Qh4 15.f4 g6
16.g3 Qe7 17.Qf2 Kg7 18.Be2 Bd7 19.g4 Rhc8 20.h4 Rc7 21.h5 c5 22.hxg6 fxg6
23.Qh2 Kg8 24.Rxd5 exd5 25.Nf6+ Kf8 26.Nxd5  1-0

[Event "72nd ch-BUL"]
[Site "Plovdiv BUL"]
[Date "2008.03.16"]
[Round "4"]
[White "Janev,E"]
[Black "Iotov,V"]
[Result "1/2-1/2"]
[WhiteElo "2485"]
[BlackElo "2495"]

1.e4 c5 2.Nf3 e6 3.d4 cxd4 4.Nxd4 Nc6 5.Nc3 Qc7 6.Be3 a6 7.g3 Nf6 8.Bg2 Be7
9.O-O d6 10.Qe2 O-O 11.Rad1 Nxd4 12.Bxd4 e5 13.Be3 Be6 14.Nd5 Nxd5 15.exd5 Bd7
16.c4 Rac8 17.Rc1 f5 18.Qd2 Qb8 19.Rfd1 b6 20.b4 Ba4 21.Re1 Bd7 22.Red1 Ba4
23.Re1 Bd7 24.Red1  1/2-1/2

[Event "ch-RUS Girls u20"]
[Site "St Petersburg RUS"]
[Date "2008.03.16"]
[Round "9"]
[White "Girya,O"]
[Black "Savina,A"]
[Result "1/2-1/2"]
[WhiteElo "2342"]
[BlackElo "2202"]

1.e4 c5 2.Nc3 e6 3.Nge2 Nc6 4.d4 cxd4 5.Nxd4 Nf6 6.g3 d5 7.Bg2 Bc5 8.Nb3 Bb4
9.exd5 Nxd5 10.a3 Bxc3+ 11.bxc3 O-O 12.c4 Nb6 13.Qxd8 Rxd8 14.c5 Na4 15.O-O e5
16.Bd2 Be6 17.Bb4 Bd5 18.Rfd1 Bxg2 19.Kxg2 f6 20.Rd6 Rxd6 21.cxd6 a5  1/2-1/2

[Event "ch-Siberia"]
[Site "Novokuznetsk RUS"]
[Date "2008.03.17"]
[Round "5"]
[White "Smikovski,I"]
[Black "Dzhumagaliev,Y"]
[Result "1-0"]
[WhiteElo "2555"]
[BlackElo "2232"]

1.e4 c5 2.Nf3 e6 3.d4 cxd4 4.Nxd4 Nc6 5.Nc3 Qc7 6.Be2 a6 7.O-O Nf6 8.Kh1 Be7
9.f4 d6 10.a4 O-O 11.Be3 Re8 12.Bg1 Nxd4 13.Qxd4 e5 14.Qd3 exf4 15.Rxf4 Be6
16.Raf1 Nd7 17.Nd5 Bxd5 18.Qxd5 Ne5 19.Rxf7 Nxf7 20.Rxf7 Kh8 21.Bd4 Rg8 22.Bc4 Qd7
23.h3 Raf8 24.b3 Qe8 25.Qh5 b5 26.axb5 axb5 27.Be6 Rxf7 28.Bxf7 Qf8 29.Kh2 Bd8
30.Qd5 Bh4 31.g3 Be7 32.h4 Qc8 33.Bxg8 Qxg8 34.Qxb5 Qc8 35.c4 h6 36.Qf5 Qa8
37.Qg6 Qa2+ 38.Kh3  1-0

[Event "GM"]
[Site "Beer Sheva ISR"]
[Date "2008.03.18"]
[Round "5"]
[White "Tseitlin,Ma"]
[Black "Tunik,G"]
[Result "1-0"]
[WhiteElo "2502"]
[BlackElo "2473"]

1.e4 c5 2.Nf3 e6 3.Nc3 Nc6 4.d4 cxd4 5.Nxd4 a6 6.Bf4 d6 7.Nxc6 bxc6 8.Bc4 Nf6
9.e5 Nd5 10.Nxd5 cxd5 11.Bd3 Be7 12.O-O O-O 13.Re1 g6 14.c4 dxe5 15.Bxe5 dxc4
16.Bxc4 Qxd1 17.Raxd1 a5 18.a3 Ba6 19.Bxa6 Rxa6 20.Rd7 Bg5 21.Red1 a4 22.Rb7 Raa8
23.Rdd7 Rfd8 24.Rxd8+ Bxd8 25.Kf1 f6 26.Bc3 e5 27.Ke2 h5 28.Kd3 Kf8 29.Kc4 e4
30.Kd5 f5 31.Bb4+ Kg8 32.Bc3 Kf8 33.g3 Be7 34.h4 Rd8+ 35.Ke5 Rd3 36.Bd4 Bd6+
37.Kd5 Be7 38.Kc4 f4 39.gxf4 Bxh4 40.b4 axb3 41.a4 Bd8 42.Bc3 Ke8 43.a5 Rd7
44.Rxb3 Rc7+ 45.Kd5 Ra7 46.Rb5 h4 47.Kxe4 h3 48.Kf3 Rh7 49.Rb1 h2 50.Kg2 Ra7
51.Ra1 Bc7 52.Bd2 Ra6 53.Kxh2 g5 54.Kg3 gxf4+ 55.Kf3 Kd7 56.Rh1 Rf6 57.Ra1 Ra6
58.Ra4 Kc8 59.Bxf4 Bxa5 60.Ke4 Kb7 61.Be5 Be1 62.Rxa6 Kxa6 63.f4 Kb5 64.Kd5 Bh4
65.f5 Bd8 66.Bd6 Bg5 67.Ke6 Kc4 68.Be7 Bh6 69.f6 Kd4 70.Kf5  1-0

[Event "39th Open"]
[Site "Mar del Plata ARG"]
[Date "2008.03.18"]
[Round "5"]
[White "Cubas,Jo"]
[Black "Mussanti,D"]
[Result "1-0"]
[WhiteElo "2451"]
[BlackElo "2314"]

1.e4 c5 2.Nf3 e6 3.d4 cxd4 4.Nxd4 Nc6 5.Nc3 d6 6.Be2 Nf6 7.O-O Be7 8.Kh1 O-O
9.f4 a6 10.a4 Qc7 11.Be3 Rd8 12.Bd3 Nd7 13.Qh5 g6 14.Qf3 Bf6 15.e5 Nxd4 16.Bxd4 dxe5
17.fxe5 Nxe5 18.Qxf6 Rxd4 19.Rf4 Rxf4 20.Qxf4 Qc5 21.Ne4 Nxd3 22.cxd3 Qf5
23.Qc7 e5 24.Kg1 Be6 25.Rf1  1-0

[Event "Bobby Fischer mem"]
[Site "Villa Martelli ARG"]
[Date "2008.03.18"]
[Round "8"]
[White "Mekhitarian,K"]
[Black "Flores Rios,M"]
[Result "1-0"]
[WhiteElo "2456"]
[BlackElo "2391"]

1.e4 c5 2.Nf3 e6 3.d4 cxd4 4.Nxd4 Nc6 5.Nc3 Qc7 6.Be2 a6 7.O-O Nf6 8.Be3 Bb4
9.Na4 Be7 10.Nxc6 bxc6 11.Nb6 Rb8 12.Nxc8 Qxc8 13.Bd4 c5 14.Be5 Rb6 15.Qd3 d6
16.Bc3 O-O 17.b3 d5 18.exd5 Nxd5 19.Be5 Rd8 20.Qg3 f6 21.Bb2 Bd6 22.Qf3 Bf8
23.Rad1 Rbd6 24.Rfe1 Nb4 25.Bc4 Kh8 26.Qe2 Nd5 27.g3 e5 28.Rd3 a5 29.Red1 Nb4
30.Rxd6 Bxd6 31.Rd2 Nc6 32.Qd1 Qc7 33.Bd5 Nb4 34.Be4 Kg8 35.Qg4 Qe7 36.Qe2 Qc7
37.Qb5 c4 38.Bd5+ Nxd5 39.Qxd5+ Kf8 40.Qxc4 Qxc4 41.bxc4 Ke7 42.Rd5 Rb8 43.Rb5 a4
44.Ba3 Rd8 45.c5 Bc7 46.c6+ Ke6 47.Rb7 Rc8 48.c4 Bd6 49.Bxd6 Kxd6 50.Rxg7 Rxc6
51.Rxh7 Rxc4 52.Rf7 Ke6 53.Ra7 Kf5 54.Ra6 Kg6 55.Kg2 Kg7 56.h3 Kg6 57.Ra7 Kh6
58.Ra6 Kg6 59.h4 Rd4 60.Ra7 Rc4 61.Ra8 Rd4 62.Ra5 Rc4 63.Ra6 Rd4 64.a3 Rc4
65.Kh3 Rd4 66.Kg2 Rc4 67.Kh3 Rd4 68.Ra8 Rc4 69.Ra7 Rd4 70.Ra8 Rc4 71.Ra7 Rd4
72.f3 Rc4 73.Ra8 Rd4 74.Ra5 Rc4 75.Ra6 Rd4 76.Rc6 Rd3 77.Kg4 Rxa3 78.h5+ Kf7
79.Ra6 f5+ 80.Kxf5 Rxf3+ 81.Kg4 Ra3 82.Ra7+ Kg8 83.Ra8+ Kg7 84.Ra7+ Kh6 85.Kh4 Ra1
86.Ra6+ Kg7 87.Kg5 e4 88.h6+ Kf7 89.h7 Rh1 90.Rh6  1-0

[Event "10th Foxwoods Open"]
[Site "Ledyard USA"]
[Date "2008.03.19"]
[Round "1"]
[White "Friedel,J"]
[Black "Friedman,J"]
[Result "1-0"]
[WhiteElo "2487"]
[BlackElo "2182"]

1.e4 c5 2.Nf3 Nc6 3.Nc3 e6 4.d4 cxd4 5.Nxd4 a6 6.Be3 Qc7 7.Bd3 Nf6 8.O-O b5
9.Nxc6 Qxc6 10.a3 Bb7 11.Qe2 b4 12.axb4 Bxb4 13.Bd4 Bxc3 14.bxc3 d6 15.Bxf6 gxf6
16.Rab1 Ke7 17.Rb3 Ra7 18.Rfb1 Ba8 19.Qe3 Rc7 20.Rb6 Qxc3 21.Rxa6 h5 22.h3 Qc5
23.Qg3 Bc6 24.Rba1 Qg5 25.Qxg5 fxg5 26.R1a5 f6 27.f3 Rb8 28.h4 d5 29.hxg5 fxg5
30.e5 Be8 31.Kf2 Rb4 32.Ra8 g4 33.Ra1 gxf3 34.gxf3 h4 35.Rg1 Rf4 36.Rg7+ Rf7
37.Rg4 Bc6 38.Rh8 d4 39.Rxd4 Rxf3+ 40.Ke2 Rf7 41.Rdxh4 Bd7 42.Ke3 Rc5 43.R4h5 Bb5
44.c4 Bd7 45.Ra8 Rc7 46.Rg8 Rc8 47.Rhh8 Rxg8 48.Rxg8 Bc6 49.Bg6 Rf1 50.Kd4 Re1
51.Rg7+ Kd8 52.Bc2 Re2 53.Bd3 Rg2 54.Ra7 Rg3 55.Bh7 Bg2 56.Kc5 Rg4 57.Bd3 Be4
58.Bxe4 Rxe4 59.Kd6 Rd4+ 60.Kxe6 Rxc4 61.Ra8+ Kc7 62.Ke7 Rh4 63.e6 Rh7+ 64.Kf6 Rh6+
65.Kf7  1-0

[Event "V Int"]
[Site "Los Llanos de Aridane ESP"]
[Date "2008.03.19"]
[Round "7"]
[White "Cabrera Trujillo,J"]
[Black "Vega Gutierrez,S"]
[Result "1/2-1/2"]
[WhiteElo "2320"]
[BlackElo "2349"]

1.e4 c5 2.Nf3 e6 3.d4 cxd4 4.Nxd4 Nc6 5.Nc3 a6 6.Be3 Nf6 7.Bd3 Qc7 8.O-O Nxd4
9.Bxd4 Bc5 10.Bxc5 Qxc5 11.Qe1 d6 12.Kh1 e5 13.f4 Be6 14.Qd2 exf4 15.Rxf4 Ng4
16.Nd5 Ne5 17.b4 Qc6 18.a4 Bxd5 19.exd5 Qc7 20.a5 O-O 21.Raf1 g6 22.Rf6 Ng4
23.R6f3 f5 24.Qg5 Qg7 25.Rg3 Rae8 26.h3 Qe5 27.Qf4 Ne3 28.Qxe5 Rxe5 29.Rb1 Rc8
30.b5 axb5 31.Rxb5 Rc7 32.Rb6 Nxd5 33.Rxd6 Nb4 34.a6 bxa6 35.Bxa6 Rxc2 36.Rb3 Nxa6
37.Rxa6 Kg7 38.Ra7+ Kh6 39.Rg3 Re1+ 40.Kh2 f4 41.Rg4 Ree2 42.Rf7 Rf2 43.Rfxf4  1/2-1/2

[Event "ch-SRB"]
[Site "Mataruska Banja SRB"]
[Date "2008.03.19"]
[Round "5"]
[White "Leskur,D"]
[Black "Ivanisevic,I"]
[Result "0-1"]
[WhiteElo "2468"]
[BlackElo "2649"]

1.e4 c5 2.Nf3 e6 3.d4 cxd4 4.Nxd4 Nc6 5.Nc3 Qc7 6.Be3 a6 7.Qd2 Nf6 8.f3 Bb4
9.O-O-O O-O 10.a3 Be7 11.g4 b5 12.g5 Nh5 13.Kb1 Bb7 14.Nxc6 Bxc6 15.Be2 b4
16.axb4 Bxb4 17.Qd4 Rab8 18.Bc4 a5 19.Ka1 a4 20.Ne2 a3 21.b3 d5 22.exd5 Bxd5
23.Bxd5 exd5 24.c3 Ba5 25.Ka2 Rfe8 26.Qd3 Rxb3 27.Kxb3 Qb7+  0-1

[Event "Doeberl Cup"]
[Site "Canberra AUS"]
[Date "2008.03.20"]
[Round "2"]
[White "Zozulia,A"]
[Black "Ganguly,S"]
[Result "0-1"]
[WhiteElo "2344"]
[BlackElo "2579"]

1.e4 c5 2.Nf3 e6 3.d4 cxd4 4.Nxd4 Nc6 5.Nc3 Qc7 6.Be3 a6 7.Bd3 Nf6 8.O-O b5
9.a3 Bb7 10.Kh1 h5 11.f4 Ng4 12.Bg1 g5 13.Be2 gxf4 14.Bxg4 hxg4 15.Qxg4 O-O-O
16.Nxc6 Bxc6 17.Rad1 Bd6 18.h3 f5 19.Qe2 Be5 20.Bd4 Bxd4 21.Rxd4 Qe5 22.Rfd1 Rdg8
23.R1d2 Rg3  0-1

[Event "Isbank Ataturk Women's Masters"]
[Site "Istanbul TUR"]
[Date "2008.03.20"]
[Round "9"]
[White "Hou Yifan"]
[Black "Javakhishvili,L"]
[Result "1/2-1/2"]
[WhiteElo "2527"]
[BlackElo "2470"]

1.e4 c5 2.Nf3 e6 3.d4 cxd4 4.Nxd4 Nc6 5.Nc3 Qc7 6.Be2 a6 7.O-O Nf6 8.Be3 Be7
9.f4 d6 10.a4 O-O 11.Kh1 Re8 12.Bd3 Nb4 13.a5 Bd7 14.Qf3 Rac8 15.Qg3 Nh5
16.Qf3 Nf6 17.Qg3  1/2-1/2

[Event "39th Open"]
[Site "Mar del Plata ARG"]
[Date "2008.03.20"]
[Round "7"]
[White "Espinoza Palomino,W"]
[Black "Needleman,G"]
[Result "0-1"]
[WhiteElo "1945"]
[BlackElo "2406"]

1.e4 c5 2.Nf3 e6 3.d4 cxd4 4.Nxd4 Nc6 5.Nc3 Qc7 6.Be2 a6 7.O-O Nf6 8.Be3 Bb4
9.Na4 Bd6 10.g3 b5 11.Nb6 Rb8 12.Nxc8 Rxc8 13.a4 Nxd4 14.Bxd4 e5 15.Be3 Bc5
16.Bxc5 Qxc5 17.axb5 axb5 18.Ra5 Rb8 19.Bd3 Qb4 20.Qa1 O-O 21.Rd1 Rfd8 22.Qa3 Qxa3
23.bxa3 Kf8 24.Rxb5 Rxb5 25.Bxb5 Ke7 26.f3 Rc8 27.c4 d6 28.Kf2 Nd7 29.Bxd7 Kxd7
30.Rc1 Kc6 31.Ke3 Rb8 32.Kd3 Rb2 33.Rc2 Rb1 34.f4 Ra1 35.fxe5 dxe5 36.Ke2 Rxa3
37.Rb2 Rc3 38.Rb8 Rxc4 39.Kf3 Kd7 40.Rh8 Rc3+ 41.Kg4 Ke6 42.Ra8 Rc6 43.h4 g6
44.Kg5 h5 45.Re8+ Kd7 46.Rf8 Ke7 47.Ra8 Rc3 48.Ra7+ Kf8 49.Kh6 Rc6 50.Ra5 Re6
51.Rb5 Ke7 52.Kg7 f5 53.Ra5 fxe4 54.Ra7+ Kd6 55.Kf7 e3 56.Ra3 e2 57.Re3 e4
58.Rxe2 Ke5 59.Ra2 Rd6 60.Kg7 e3 61.Kh6 Ke4 62.Kg5 Kf3 63.Ra3 Kf2 64.g4 e2
65.Ra2 hxg4  0-1

[Event "ch-SRB"]
[Site "Mataruska Banja SRB"]
[Date "2008.03.20"]
[Round "6"]
[White "Pikula,D"]
[Black "Markus,Rob"]
[Result "1/2-1/2"]
[WhiteElo "2524"]
[BlackElo "2575"]

1.e4 c5 2.Nf3 e6 3.d4 cxd4 4.Nxd4 Nc6 5.Nc3 Qc7 6.Be3 Nf6 7.f4 Bb4 8.Nb5 Qa5
9.e5 Nd5 10.Bd2 Nxc3 11.Nxc3 d5 12.Qg4 Bd7 13.Bd3 O-O-O 14.a3 f5 15.Qe2 Nd4
16.Qd1  1/2-1/2

[Event "1st Int di Pasqua"]
[Site "Bologna ITA"]
[Date "2008.03.21"]
[Round "3"]
[White "Rombaldoni,Ax"]
[Black "Vancini,E"]
[Result "1-0"]
[WhiteElo "2394"]
[BlackElo "2277"]

1.e4 c5 2.Nf3 e6 3.d4 cxd4 4.Nxd4 Nc6 5.Nc3 Qc7 6.Be3 a6 7.Qd2 Nf6 8.O-O-O Bb4
9.f3 Ne5 10.Nb3 b5 11.Kb1 Be7 12.Qf2 d6 13.g4 Nc4 14.Bxc4 bxc4 15.Bb6 Qb8
16.Na5 Nd7 17.Nxc4 O-O 18.Ba5 Ra7 19.Rd2 Rb7 20.b3 Nc5 21.Rhd1 Rb4 22.Nxd6 Bxd6
23.Rxd6 Rc4 24.Ka1 Nb7 25.Qb6  1-0

[Event "12th Neckar Open A"]
[Site "Deizisau GER"]
[Date "2008.03.21"]
[Round "2"]
[White "Kleijn,C"]
[Black "Jaracz,P"]
[Result "1-0"]
[WhiteElo "2235"]
[BlackElo "2527"]

1.e4 c5 2.Nf3 e6 3.d4 cxd4 4.Nxd4 Nc6 5.Nc3 Qc7 6.Be2 Nf6 7.O-O Be7 8.Kh1 O-O
9.f4 d6 10.Be3 Nxd4 11.Bxd4 e5 12.Be3 exf4 13.Bxf4 Be6 14.Qd2 Rac8 15.Qe3 a6
16.Qg3 Kh8 17.e5 dxe5 18.Bxe5 Qb6 19.Ne4 Bd5 20.Bd3 Ne8 21.Ng5 h6 22.Qh3 Qc6
23.Nh7 Rg8 24.c4 Bxc4 25.Rac1 b5 26.b3 f6 27.Ng5 Rf8 28.Rxc4 bxc4 29.Qf5  1-0

[Event "Palace Hotel Open"]
[Site "Heviz HUN"]
[Date "2008.03.21"]
[Round "2"]
[White "Horvath,Im1"]
[Black "Bezsenyi,F"]
[Result "1-0"]
[WhiteElo "2310"]
[BlackElo "1949"]

1.e4 c5 2.Nf3 e6 3.d4 cxd4 4.Nxd4 Nc6 5.Nc3 Nf6 6.Ndb5 d6 7.Bf4 e5 8.Bg5 a6
9.Na3 b5 10.Bxf6 gxf6 11.Nd5 Bg7 12.Bd3 Ne7 13.Nxe7 Qxe7 14.c4 f5 15.cxb5 O-O
16.O-O fxe4 17.Bxe4 Rb8 18.bxa6 Bxa6 19.Qh5 f5 20.Bxf5 Rxf5 21.Qxf5 Bxf1
22.Kxf1 d5 23.Rd1 d4 24.Nc4 e4 25.Qd5+ Qf7 26.Qxf7+ Kxf7 27.Nd6+ Ke6 28.Nxe4 Rxb2
29.Rd2 Rb1+ 30.Ke2 Ke5 31.Ng5 h6 32.Nf3+ Ke4 33.Rxd4+ Bxd4 34.Nd2+ Kf5 35.Nxb1 h5
36.Nd2 Be5 37.h3 h4 38.Nf3 Bf6 39.a4  1-0

[Event "V Int"]
[Site "Los Llanos de Aridane ESP"]
[Date "2008.03.21"]
[Round "10"]
[White "Cabrera Trujillo,J"]
[Black "Vera Gonzalez Quevedo,R"]
[Result "1/2-1/2"]
[WhiteElo "2320"]
[BlackElo "2495"]

1.e4 c5 2.Nf3 Nc6 3.Nc3 e6 4.d4 cxd4 5.Nxd4 Nf6 6.Nxc6 bxc6 7.e5 Nd5 8.Ne4 Qc7
9.f4 Qb6 10.c4 Bb4+ 11.Ke2 Ba6 12.Kf3 f5  1/2-1/2